[Event "Biel GM"]
[Site "Biel"]
[Date "2004.07.20"]
[Round "2"]
[White "McShane, Luke J"]
[Black "Pelletier, Yannick"]
[Result "0-1"]
[WhiteElo "2643"]
[BlackElo "2597"]
[Annotator "Pelletier,Y"]
[PlyCount "79"]
[EventDate "2004.07.19"]
[EventType "tourn"]
[EventRounds "10"]
[EventCountry "SUI"]
[EventCategory "18"]
[SourceTitle "CBM 102"]
[Source "ChessBase"]
[SourceDate "2004.09.23"]
[SourceVersion "1"]
[SourceVersionDate "2004.09.23"]
[SourceQuality "1"]

1. e4 c5 2. Nf3 d6 3. d4 cxd4 4. Nxd4 Nf6 5. Nc3 a6 6. Be2 e6 7. f4 Nc6 8. Be3
Be7 9. O-O O-O 10. a4 Re8 11. Kh1 Qc7 12. Bf3 Rb8 13. Qe1 e5 14. Nde2 Bf8 ({
Diese Neuerung verspricht dem Anziehende die Initiative. Da der bekannte Weg} 
14... exf4 15. Nxf4 Be6 {aber wegen} 16. Bh5 {Adams-Kramnik, Wijk aan Zee 2004}
({oder} 16. Be2 {Dolmatov-Ftacnik, Manila 1990 keinen vollen Ausgleich
verspricht, sollte Schwarz nach einer anderen Lösung suchen.})) 15. Qf2 b5 16.
axb5 axb5 17. Nd5 Nxd5 18. exd5 Nb4 (18... e4 $2 19. dxc6 exf3 20. Qxf3 Qe7 (
20... Bf5 21. Ra7) {funktionniert nicht wegen der hübschen taktischen Feinheit}
21. Ba7 $1 Ra8 22. Nc3 $1 $16) (18... exf4 {lässt Weiss ebenfalls im Vorteil:}
19. Bxf4 Ne5 20. Nd4 Nxf3 21. Qxf3 Bd7 22. Ra6 $5 $14) 19. fxe5 Rxe5 ({Schwarz
muss den Punkt e5 für seine Figuren nützen können.} 19... dxe5 $2 20. Ra7 (20.
Ba7 Rb7 21. d6 Bxd6 22. Bxb7 Bxb7 23. Nc3 $16) 20... Bb7 (20... Rb7 21. d6 Bxd6
22. Bxb7 Bxb7 23. Nc3 $18) 21. Be4 $18) 20. Ba7 $6 ({Luke findet nicht die
günstige Platzierung seiner Figuren. Das Feld d4 gehört nämlich dem Springer.
Nach} 20. Bf4 Re8 (20... Rf5 21. Qg3 (21. Be4 $5 Rf6 22. c3 $16) 21... Nxd5 22.
Nd4 Nxf4 23. Nxf5 Bxf5 24. Qxf4 $16) 21. Nd4 $16 {[%csl Gc6] ist der weisse
Vorteil eindeutig.}) ({Und auch} 20. Bd4 Re7 21. Nc3 Bd7 $14 {sieht für Weiss
angenehmer aus.} (21... Bf5 $6 22. Ra7 Rb7 23. Rxb7 Qxb7 24. Bc5 $1)) 20... Rb7
21. Bd4 Re8 22. Nc3 ({Schwarz hat das Gleichgewicht wiederhergestellt. Möglich
war hier} 22. Rac1 Na2 (22... Bf5 23. Ng3 Bg6 24. Qd2 Na6 $14) 23. Rce1 (23.
Ra1 Nb4) 23... Qxc2 24. Bh5 Ree7 $13) 22... Bf5 23. Bd1 Bg6 24. Qd2 Qc8 {/\Nxc2
} ({Die Kombination} 24... Qc4 25. Be2 Rxe2 {war interessant, aber Weiss kann
mittels} 26. Nxe2 (26. Qxe2 Qxd4 (26... Nxc2 $5) 27. Ra8 Qc4 $17) 26... Nxc2
27. Rac1 Re7 28. Nf4 $14 {kontern.}) ({Nun droht Schwarz auf c2 zu nehmen, was
noch nicht möglich war:} 24... Nxc2 $2 25. Bxc2 Bxc2 26. Qxc2 b4 27. Qa4 {
[%cal Ga4e8]}) 25. Rc1 Rbe7 26. Bg1 (26. Be2 Nxc2 27. Bxb5 Nxd4 28. Qxd4 Rd8
$13) 26... Re5 ({Die Zeitnot war schon beiderseitig beschäftigend, sodass ich
auf} 26... Na2 $5 {aus Angst verzichtete, etwas übersehen zu haben. In Tat und
Wahrheit gleicht Schwarz damit problemlos aus:} 27. Nxa2 Qc4 28. Bf3 Qxa2 29.
Bd4 $11) 27. Nxb5 (27. Rf4 {wollte ich mit} Be7 {begegnen, Schwarz nach} (27...
Na6 28. Nxb5 Nc5 29. Na7 $1 $16) 28. h4 Na6 29. Nxb5 {Kompensation hat.}) 27...
Nxd5 ({Möglich waren auch} 27... Qc4 28. Rf4 Qxb5 29. Qxb4 Qxd5 $13) ({und} 
27... Na2 28. Ra1 Qc4 $13) 28. Bf3 Ne3 29. Bxe3 Rxe3 30. h3 ({Ungefähr hier
verfügten Luke und ich über weniger als eine Minute, um in dieser
komplizierten Partie den 40.Zug zu erreichen.} 30. Nxd6 Bxd6 (30... Qd7 31. Nc4
Qxd2 32. Nxd2 $14) 31. Qxd6 Bd3 {ist trickreich, aber Weiss besitzt seinen
Mehrbauern nach} 32. Rg1 Be4 33. Bxe4 R3xe4 $132 {bei schwarzen Gegenchancen.})
30... Qb8 $1 31. c4 Rd3 32. Qf4 $6 $138 ({Der folgende Zug konnte mit} 32. Qa5
$13 {verhindert werden.}) 32... d5 $1 33. Bxd5 $2 ({Verliert Material. Besser
war} 33. Qxb8 Rxb8 34. b3 d4 $5 $15 {[%csl Gf8,Gg6]}) 33... Rxd5 34. Qxb8 Rxb8
35. cxd5 Rxb5 36. Rc8 ({Dieser Zug kam als ein grosser Schock für mich, und
ich verbrauchte etwa 30 meiner wertvollen Sekunden, ohne die richtige
Verteidigung zu finden.} 36. Rfd1 Rb7 (36... Rxb2 37. d6 Be4 38. d7 Rxg2) 37.
d6 Rd7 38. Rc6 Be4 $17) 36... Rxd5 37. Ra1 Bf5 $2 (37... Be4 $19 {[%cal Ge4a8]
war ziemlich einfach, da der Ra1 die 1. Reihe noch nicht verlassen darf.} {
Und Schwarz nach} 38. Kg1 Rd2 {gefolgt von f5 leicht gewinnt.}) 38. Rb8 (38.
Re8 Bd7 $17) 38... g6 ({Nun reicht} 38... Be4 {zum Gewinn nicht mehr aus, da
Weiss die Verdoppelung auf der 8. Reihe anders vorbereiten kann:} 39. Rc1 Bf5 (
{oder} 39... Rd2 40. Rcc8 g6 41. Rxf8+ Kg7 $11) 40. Ra1 Be4 $11 {mit
Zugwiederholung.}) 39. Raa8 Kg7 40. Rxf8 $138 ({Luke überschritt beim
Ausführen dieses Zuges die Zeit. Das entstehende Endspiel hätte Schwarz
problemlos Remis gehalten. Nach} 40. Rxf8 Rd2 41. Rg8+ Kh6 $11 {[%cal Gd2b2,
Gd2g2,Gf5e4] wird schon ein Bauer erobert, wonach die Sache klar ist.}) 0-1

[Event "Corfu schev"]
[Site "Corfu"]
[Date "1990.??.??"]
[Round "5"]
[White "Kotronias, Vasilios"]
[Black "Polgar, Sofia"]
[Result "0-1"]
[WhiteElo "2510"]
[BlackElo "2410"]
[Annotator "Polgar,S"]
[PlyCount "80"]
[EventDate "1990.??.??"]
[EventType "schev"]
[EventRounds "6"]
[EventCountry "GRE"]
[SourceTitle "EXT 1999"]
[Source "ChessBase"]
[SourceDate "1998.11.16"]
[SourceVersion "1"]
[SourceVersionDate "1998.11.16"]
[SourceQuality "1"]

1. e4 c5 2. Nf3 e6 3. d4 cxd4 4. Nxd4 Nc6 5. Nc3 Qc7 6. Be2 a6 7. O-O Nf6 8.
Kh1 (8. Be3) 8... Be7 9. f4 d6 10. Be3 O-O 11. Qe1 Nxd4 12. Bxd4 b5 13. e5 dxe5
14. fxe5 Nd7 15. Bf3 Rb8 (15... Bb7 $2) 16. Ne4 (16. Qg3 Bc5) 16... Nxe5 17.
Qg3 f6 18. Rae1 Kh8 19. Bg4 (19. Ng5 Bd6 20. Be4 Nf7 21. Nxf7+ Rxf7 22. Qh3 f5
$15) (19. Bxe5 Qxe5 20. Qxe5 fxe5 21. Nf2 Bb7 $11) 19... Bd7 20. Ng5 (20. Nxf6
$2 gxf6 21. Rxe5 Bd6) 20... Bd6 21. Nxe6 (21. Bxe5 Bxe5 22. Rxe5 fxe5 (22...
Qxe5 $2 23. Nf7+ $1 $18) 23. Nf7+ Kg8) 21... Bxe6 22. Bxe6 Nc6 23. Qh4 Nxd4 24.
Qxd4 Bxh2 25. Bf5 $6 (25. c3) 25... Be5 26. Qh4 $2 (26. Qb4) 26... g6 27. Bxg6
Bg3 28. Qh5 Bxe1 29. Rxe1 Rg8 30. Bd3 Qg7 31. g4 $6 (31. Re2 Rbd8 $19 (31...
Rbe8 $4 32. Qxe8 $11)) 31... Rbd8 32. Re6 Rd4 33. Be4 Qc7 34. Qf5 Qg7 35. Qh5
Qd7 36. Qf5 Rg6 37. Kg2 Rd2+ 38. Kg3 Qa7 39. Bg2 Qc7+ 40. Kf3 Qh2 (40... Qh2
41. Re8+ Kg7 42. Re7+ Kf8) 0-1

[Event "Cappelle op 32nd"]
[Site "Cappelle la Grande"]
[Date "2016.02.20"]
[Round "9"]
[White "Kravtsiv, Martyn"]
[Black "Castellanos Rodriguez, Renier"]
[Result "1/2-1/2"]
[WhiteElo "2636"]
[BlackElo "2478"]
[Annotator "Primel,D"]
[PlyCount "95"]
[EventDate "2016.02.13"]
[EventType "swiss"]
[EventRounds "9"]
[EventCountry "FRA"]
[SourceTitle "EXT 2017"]
[Source "ChessBase"]
[SourceDate "2016.10.25"]
[SourceVersion "1"]
[SourceVersionDate "2016.10.25"]
[SourceQuality "1"]
[TimeControl "40/5400+30:1800+30"]
[WhiteClock "0:08:32"]
[BlackClock "0:03:59"]

1. e4 c5 2. Nf3 e6 3. d4 cxd4 4. Nxd4 a6 5. Be2 Nf6 6. Nc3 d6 7. O-O Nc6 8. Be3
Be7 9. f4 O-O 10. Kh1 Bd7 11. Qe1 b5 12. a3 Qb8 13. Bd3 (13. Rd1 Nxd4 14. Bxd4
e5 15. Be3 Bc6 16. Bf3 a5 17. Qg3 Kh8 18. Nd5 Bxd5 19. exd5 Nd7 20. Qh3 f5 21.
g4 Qc8 22. c3 b4 23. axb4 axb4 24. cxb4 e4 25. Bg2 fxg4 26. Qxg4 Nf6 27. Qxc8
Rfxc8 28. Bd4 Rc4 29. Bc3 Rb8 30. Rfe1 Kg8 31. Kg1 h5 32. Kf1 Bd8 33. Re2 Bb6
34. Bxf6 gxf6 35. Rxe4 Rxe4 36. Bxe4 Be3 37. Rd3 Bxf4 38. Rb3 Bxh2 39. b5 Rb6
40. Bf5 Be5 41. Bd7 Bd4 42. Bc6 Rb8 {Lintchevski,D (2554)-Artemiev,V (2671) St
Petersburg 2015 1/2-1/2 (72)}) 13... b4 14. Nxc6 Bxc6 15. axb4 Qxb4 16. Ra3 Qb7
17. Rb3 Qd7 18. Qg3 Kh8 $146 (18... Rab8 19. Rxb8 Rxb8 20. e5 dxe5 21. fxe5 Nh5
22. Qf2 f5 23. exf6 Nxf6 24. b3 Rf8 25. Qe2 Bb4 26. Na4 a5 27. Nb6 Qd6 28. Bg1
Bb7 29. Nc4 Qd5 30. Rf4 Bc3 31. Rf3 Kh8 32. Rf1 e5 33. Qg4 Re8 34. Qh3 Bc8 35.
Qg3 Bb4 36. Qh4 e4 37. Be2 Rf8 38. Rd1 Qe6 39. Bd4 Ba6 40. Ra1 Bxc4 41. Bxc4
Qd6 42. c3 Bc5 43. Bxf6 Qxf6 44. Qxf6 gxf6 45. Rxa5 Bd6 46. Bd5 e3 47. Ra1 Rd8
48. Re1 {Hudak,D (2299)-Reis,C (2386) ICCF email 2012 1/2-1/2 (74)}) 19. Bd4 a5
20. e5 dxe5 21. Bxe5 a4 22. Rb6 a3 23. bxa3 Rxa3 24. f5 Ra5 25. Rd1 Rfa8 26. h3
Qc8 27. fxe6 fxe6 28. Rdb1 Ra1 29. Kh2 Rxb1 30. Rxb1 Qf8 31. Rb6 Rc8 32. Ba6
Bc5 33. Bxc8 Bxb6 34. Bxe6 Qc5 35. Ne2 Nh5 36. Qc3 Qb5 $2 37. Nf4 $4 $138 (37.
Bg4 $8 {[%cal Gg4e2,Gg4h5]}) 37... Qf1 38. Bxg7+ Nxg7 39. Qf6 Qg1+ 40. Kg3 Qe3+
41. Kg4 Qc5 (41... Bc5 $19 {[%csl Gf8]}) 42. h4 Bc7 43. Qf7 Nxe6 44. Nxe6 Qc4+
45. Kh3 Qc3+ 46. Kg4 Qc4+ 47. Kh3 Qc3+ 48. Kg4 1/2-1/2

[Event "POL-chT 66th"]
[Site "Katowice"]
[Date "2010.09.10"]
[Round "7"]
[White "Majdan, Joanna"]
[Black "Zawadzka, Jolanta"]
[Result "1-0"]
[WhiteElo "2333"]
[BlackElo "2410"]
[Annotator "RR"]
[PlyCount "63"]
[EventDate "2010.09.04"]
[EventType "team-tourn"]
[EventRounds "9"]
[EventCountry "POL"]
[SourceTitle "EXT 2016"]
[Source "ChessBase"]
[SourceDate "2015.10.08"]
[SourceVersion "1"]
[SourceVersionDate "2015.10.08"]
[SourceQuality "1"]
[WhiteTeam "Lublin"]
[BlackTeam "Wroclaw Polonia"]
[WhiteTeamCountry "POL"]
[BlackTeamCountry "POL"]

1. e4 c5 2. Nf3 e6 3. d4 cxd4 4. Nxd4 Nc6 5. Nc3 Qc7 {La partie va ensuite
transposer d'une Taimanov vers une Sheveningue} 6. Be3 a6 7. Be2 Nf6 8. O-O Be7
9. a4 d6 10. f4 O-O 11. Kh1 Re8 12. Bf3 (12. Bd3 Nb4) 12... Rb8 13. g4 Nd7 (
13... Nxd4 14. Bxd4 e5 (14... b6 15. g5 Nd7)) 14. Bg2 (14. g5 b6 15. Bg2 Bb7
16. Qh5 g6 17. Qh4 Bf8 18. Rf3 Bg7 19. Nb3 Nb4 20. Rh3 Nf8 21. Qf2 Ba8 22. Rf1
b5 23. axb5 axb5 24. Ba7 Rbc8 25. Bb6 Qb7 26. Bd4 e5 27. fxe5 Bxe5 28. Rf3 Rc7
29. Bxe5 Rxe5 30. Na5 Qa7 31. Qd2 Qxa5 32. Qxd6 Ree7 33. Rf6 Nxc2 34. Nd5 Bxd5
35. Qxd5 Ne3 36. Rxf7 Rxf7 {0-1 (36) Ganguly,S (2619)-Van Wely,L (2654) Dubai
2014}) 14... Nxd4 15. Bxd4 b6 16. g5 Bb7 17. Qh5 {[%csl Rf7]} g6 18. Qh4 $6
$146 {Qh3 est plus utile en faisant pression sur le P"e6"} (18. Qh3 $142 $1 {
[%csl Re6]} Bf8 19. f5 Ne5 20. Rf4 Bg7 21. Raf1 Qc4 22. Bxb6 Qb4 23. a5 Rbc8
24. Rh4 gxf5 25. Rxh7 Qxb2 26. Bd4 Qxc2 27. Rxg7+ Kxg7 28. Qh6+ Kg8 29. g6 Rc7
30. g7 f6 31. Qh8+ Kf7 32. Qxe8+ Kxg7 33. Rg1 Ng4 34. Qxe6 Qxc3 35. Qxd6 Qc2
36. Bf3 Bxe4 37. Qxf6+ Kh7 38. Qh8+ Kg6 39. Qe8+ Kh7 40. Qh8+ Kg6 41. Rxg4+
fxg4 42. Qe8+ Kh6 43. Be3+ Kg7 44. Qe5+ Kf8 45. Bxe4 Qd1+ 46. Kg2 Qe2+ 47. Bf2
Rf7 {Hrabusa,M (2277)-Brunello,S (2475) Sibenik 2007 1-0}) 18... Rbc8 19. Rae1
Qd8 (19... h5 20. f5 Ne5 21. fxe6 fxe6 22. Bh3) 20. Qh3 {reconnaissant que Qh4
était imprécis mais dans une siclienne ouverte, un tempo perdu est important}
Rc4 21. Rd1 Qa8 22. Rd3 f5 23. gxf6 Bxf6 24. Bxf6 Nxf6 25. Rxd6 Nxe4 $2 (25...
b5 26. Rxe6 Nxe4 27. Nxe4 Bxe4 28. Rxe4 Rcxe4 29. f5 $44 {[%cal Gg2a8]}) 26.
Rd7 h5 27. Rxb7 Qxb7 28. Nxe4 Qe7 29. Qd3 Rxa4 30. Ng5 Kg7 31. Bc6 Rd8 32. Qxd8
1-0

[Event "Cappelle op 31st"]
[Site "Cappelle la Grande"]
[Date "2015.03.06"]
[Round "8"]
[White "Djukic, Nikola"]
[Black "Fier, Alexandr"]
[Result "0-1"]
[WhiteElo "2529"]
[BlackElo "2612"]
[Annotator "RR"]
[PlyCount "74"]
[EventDate "2015.02.28"]
[EventType "swiss"]
[EventRounds "9"]
[EventCountry "FRA"]
[SourceTitle "EXT 2016"]
[Source "ChessBase"]
[SourceDate "2015.10.08"]
[SourceVersion "1"]
[SourceVersionDate "2015.10.08"]
[SourceQuality "1"]
[TimeControl "40/5400+30:1800+30"]

1. e4 {[%emt 0:00:00]} c5 {[%emt 0:00:00]} 2. Nf3 {[%emt 0:00:00]} e6 {[%emt 0:
00:00]} 3. d4 {[%emt 0:00:00]} cxd4 {[%emt 0:00:00]} 4. Nxd4 {[%emt 0:00:00]}
Nc6 {[%emt 0:00:00]} 5. Nc3 {[%emt 0:00:00]} a6 {[%emt 0:00:00]} 6. Be2 {
[%emt 0:00:09]} (6. Nxc6) 6... d6 {[%emt 0:00:00]} 7. O-O {[%emt 0:01:33]} Nf6
{[%emt 0:00:00]} 8. Be3 {[%emt 0:00:08]} Be7 {[%emt 0:00:00]} 9. f4 {[%emt 0:
00:12]} O-O {[%emt 0:00:01]} 10. Kh1 {[%emt 0:04:25]} Bd7 {[%emt 0:00:38][%cal
Gc6d4,Gd7c6] La vieille ligne de la Sheveningen} (10... Qc7) 11. a4 {[%emt 0:
07:35] Les Blancs ont été un peu surpris par le choix de la varainte Bd7 et
ils commencent à réfléchir} (11. Nb3) 11... Rc8 {[%emt 0:01:56]} (11... Nxd4
12. Bxd4 Bc6) 12. Bf3 {[%emt 0:05:59]} (12. Qe1 d5 13. e5 Ne4 14. Nxe4 dxe4 15.
c3 Nxd4 16. Bxd4 Bc5 17. Bxc5 Rxc5 18. b4 Rc8 19. Rd1 Qc7 20. b5 axb5 21. axb5
Rfd8 22. c4 Be8 23. Qf2 f6 24. exf6 gxf6 25. Rxd8 Rxd8 26. c5 f5 27. Bc4 Bf7
28. h3 Rc8 29. c6 bxc6 30. b6 Qe7 31. Qb2 Rb8 32. Ra1 Qc5 33. b7 Qxc4 34. Qe5
Rxb7 35. Ra8+ Be8 36. Rxe8+ Kf7 37. Rh8 Qb5 38. Qd6 Qb4 39. Qd8 Qb2 40. Rf8+
Kg7 41. Rg8+ {1-0 (41) Adams,M (2734)-Ivanchuk,V (2775) Porto Carras 2011})
12... Na5 {[%emt 0:04:49][%csl Gc4]} 13. Qe1 {[%emt 0:08:35]} (13. e5 Ne8)
13... Nc4 {[%emt 0:00:13]} 14. Bc1 {[%emt 0:00:10]} Qb6 {[%emt 0:11:31]} 15.
Nde2 {[%emt 0:07:11]} Qc7 {[%emt 0:01:31]} 16. b3 {[%emt 0:03:22] Chasse le N
mais affaiblit un peu l'aile-dame} Na5 {[%emt 0:01:32]} 17. Qg3 {[%emt 0:02:06]
} Nc6 {[%emt 0:00:27]} 18. Ba3 $6 {[%emt 0:04:41]} (18. Bb2) 18... e5 {[%emt 0:
04:06]} 19. Nd1 $6 {[%emt 0:03:14][%csl Rc2]} Rfe8 $11 {[%emt 0:04:53]} 20. Bb2
{[%emt 0:06:25]} Nb4 $1 {[%emt 0:04:30][%csl Rc2] Les Blancs n'ont rien obtenu
à l'aile-roi et les affaiblissements de l'aile-dame commencent à payer.} 21.
fxe5 {[%emt 0:03:08]} dxe5 {[%emt 0:00:05]} 22. Bxe5 {[%emt 0:00:12]} Qxc2 $17
{[%emt 0:00:44]} 23. Ne3 {[%emt 0:02:25] Les Blancs doivent tenter une attaque
à l'aile-roi car stratégiquement la partie est perdante} Qxb3 {[%emt 0:02:42]
[%csl Ra4] L'aile-dame des Blancs est en lambeaux} 24. Nd5 {[%emt 0:12:27]}
Nbxd5 {[%emt 0:02:29]} 25. exd5 {[%emt 0:00:07]} Bd8 $1 {[%emt 0:02:17][%cal
Ge8e5,Gd8c7]} 26. Rfb1 {[%emt 0:04:54]} Qe3 {[%emt 0:00:40]} 27. Bd4 {[%emt 0:
00:55]} Qd3 {[%emt 0:00:08]} 28. Be5 {[%emt 0:05:19]} Rc2 {[%emt 0:04:16]} 29.
Rxb7 $13 {[%emt 0:03:12]} g6 {[%emt 0:15:59]} 30. Nd4 {[%emt 0:09:11]} Ra2 $1 {
[%emt 0:03:20][%csl Rh1]} 31. Rg1 {[%emt 0:01:31]} Qe3 {[%emt 0:01:52]} 32. Rb8
$2 {[%emt 0:04:30]} Rxe5 {[%emt 0:03:24]} 33. Rxd8+ {[%emt 0:00:06]} Kg7 {
[%emt 0:00:01]} 34. Nc6 {[%emt 0:01:25]} Rf5 {[%emt 0:00:04]} 35. Qd6 {[%emt 0:
01:07]} Be8 {[%emt 0:03:44]} 36. Rf1 {[%emt 0:01:11]} Ne4 {[%emt 0:00:15]} 37.
Rxe8 {[%emt 0:00:33]} Nf2+ {[%emt 0:00:04]} 0-1

[Event "POL-chT 66th"]
[Site "Katowice"]
[Date "2010.09.07"]
[Round "4"]
[White "Szoen, Dariusz"]
[Black "Stachowiak, Kamil"]
[Result "1/2-1/2"]
[WhiteElo "2448"]
[BlackElo "2398"]
[Annotator "RR"]
[PlyCount "74"]
[EventDate "2010.09.04"]
[EventType "team-tourn"]
[EventRounds "9"]
[EventCountry "POL"]
[SourceTitle "EXT 2016"]
[Source "ChessBase"]
[SourceDate "2015.10.08"]
[SourceVersion "1"]
[SourceVersionDate "2015.10.08"]
[SourceQuality "1"]
[WhiteTeam "Lublin"]
[BlackTeam "Wroclaw AZS WSB"]
[WhiteTeamCountry "POL"]
[BlackTeamCountry "POL"]

1. e4 c5 2. Nf3 e6 3. d4 cxd4 4. Nxd4 Nc6 5. Nc3 Qc7 6. Be2 Nf6 7. O-O Be7 8.
Kh1 O-O 9. f4 d6 10. Be3 Nxd4 11. Bxd4 e5 (11... a6) 12. Be3 exf4 13. Bxf4 Be6
14. Qd3 a6 15. Qg3 Rad8 (15... Ne8 16. Rad1 f6 17. Bg4 Qd7 18. Bf5 g6 19. Nd5
Bd8 20. Bh6 Rf7 21. Qg4 Ng7 22. Bxg7 Bxf5 23. exf5 Rxg7 24. Qe4 g5 25. Rfe1 Rf7
26. Qd3 Rc8 27. Re6 Kg7 28. c3 Rc5 29. b3 b5 30. h3 a5 31. Qg3 Qc8 32. h4 h6
33. Qf3 Qc6 34. Rd3 Kf8 35. hxg5 fxg5 36. Rxh6 {1-0 (36) Felgaer,R (2570)-Negi,
P (2664) Istanbul 2012}) 16. Rad1 Kh8 17. e5 Ne8 18. Nd5 Bxd5 19. Rxd5 Qc6 (
19... Qxc2 20. Bd3 $44 {[%cal Gd3h7,Gd3c2,Gg3h3]}) 20. exd6 Bxd6 (20... Nxd6)
21. Qd3 $1 {[%csl Rd8]} Qc7 22. Rd1 $40 Bxf4 23. Rxd8 Bxh2 24. Qd7 Qe5 {
[%cal Ge5h5,Ge5e8]} 25. Qd5 $2 {Laisse un peu de répit aux Noirs mais c'est
probablement encore gagnant pour les Blancs} (25. Bc4 $18 {[%cal Gc4f7]}) 25...
Qxe2 26. Kxh2 Kg8 27. Qc5 g6 28. R1d3 Qe4 29. Qd4 Qc6 30. Rc3 Qe6 31. Rc5 Qf6
32. Rcc8 Qe6 33. c4 Qe1 34. Qd7 $4 (34. b4 $18 {[%cal Ga2a4] Les Noirs sont
impuissants face à la majorité de l'aile-dame}) 34... Qe5+ 35. Kh3 Qe3+ 36.
g3 Qf3 {[%cal Gf3h5,Gf3f1]} 37. Rxe8 Qf1+ 1/2-1/2

[Event "Rohde op 07th"]
[Site "Sautron"]
[Date "2007.11.02"]
[Round "8"]
[White "Mullon, Jean Baptiste"]
[Black "Das, Arghyadip"]
[Result "0-1"]
[WhiteElo "2339"]
[BlackElo "2367"]
[Annotator "RR"]
[PlyCount "72"]
[EventDate "2007.10.27"]
[EventType "swiss"]
[EventRounds "9"]
[EventCountry "FRA"]
[SourceTitle "EXT 2008"]
[Source "ChessBase"]
[SourceDate "2007.11.25"]
[SourceVersion "1"]
[SourceVersionDate "2007.11.25"]
[SourceQuality "1"]

1. e4 c5 2. Nf3 d6 3. d4 cxd4 4. Nxd4 Nf6 5. Nc3 a6 6. Be2 {l'indien joue
également cette variante avec les blancs} e6 (6... e5) 7. O-O Be7 8. f4 O-O 9.
Kh1 Nc6 10. Be3 Qc7 11. a4 Re8 12. Bd3 (12. Bf3 {[%cal Gg2g4,Gg4g5]} Rb8 {
Le thème du championnat du Monde 1985} 13. g4 $1 Nxd4 14. Bxd4 e5 15. fxe5 dxe5
16. Ba7 Ra8 17. g5 Rd8) 12... Bd7 13. Nf3 Rac8 14. a5 ({RR} 14. Qe1 Nb4 15. Qg3
Bc6 16. Bd4 Nh5 17. Qg4 g6 18. a5 f5 {1/2-1/2 Das,A (2353)-Gupta,A (2412)/
Bikaner 2004/CBM 104 ext}) 14... Nb4 15. Bb6 Qb8 16. e5 (16. Bd4) 16... dxe5 ({
RR} 16... Nfd5 17. Nxd5 exd5 18. Re1 Bg4 19. c3 dxe5 20. Rxe5 Nc6 21. Rxd5 Qxf4
22. Ra4 Bxf3 23. Bxh7+ Kh8 24. gxf3 Qh6 25. Bf5 Bh4 26. Bxc8 Re1+ 27. Qxe1 Bxe1
28. Re4 Bg3 29. Bg1 Bc7 30. Bg4 Ne5 31. Rexe5 {Arzumanian,G (2326)-Simantsev,M
(2447)/Kharkov 2000/EXT 2001/1-0 (41)}) 17. fxe5 Nfd5 18. Nxd5 Nxd5 $146 (18...
exd5 {Une amélioration sur le coup joué par ... KASPAROV?} 19. Re1 {Anand,V 
(2725)-Kasparov,G (2795) PCA-World Championship 1995 (7) 1/2}) 19. Ng5 {
JB devait connaitre les commentaires de SEIRAWAN qui donnait Ng5 comme
réfutation de Nfd5} Bxg5 20. Qh5 f5 $1 {Meilleur que la proposition 20. Qh6
donnée par SEIRAWAN} (20... Bh6 21. Qxf7+) 21. exf6 Bxf6 22. Bxh7+ (22. Qxh7+
Kf8 23. Bg6 Nf4 {[%cal Gf4g6]} (23... Ke7 24. Rxf6 $1)) 22... Kf8 23. Bg6 Ke7
$1 24. Bxe8 (24. Rxf6 $5) 24... Bxe8 25. Qg4 Nxb6 $17 26. axb6 Qd6 27. c3 Qxb6
28. Rae1 Bf7 $1 $19 {Les pièces noires sont bien coordonnées et l'indien va
pouvoir valoriser le matériel} 29. Re2 Rh8 30. Rfe1 Kf8 31. Qg3 Ke7 32. c4 Qd6
33. Qxd6+ Kxd6 34. b4 Kc7 35. b5 axb5 36. cxb5 Rd8 {[%mdl 8]} 0-1